Index seminum quae hortus acclimatationis plantarium arautapae pro mutua commutatione offert / (Record no. 83094)

MARC details
000 -LEADER
campo de control de longitud fija 00717nam a2200205 i 4500
001 - NÚMERO DE CONTROL
campo de control 83094
003 - IDENTIFICADOR DE NÚMERO DE CONTROL
campo de control ES-MaACL
005 - FECHA Y HORA DE LA ÚLTIMA TRANSACCIÓN
campo de control 20230906174758.0
007 - CAMPO FIJO DE DESCRIPCIÓN FÍSICA--INFORMACIÓN GENERAL
campo de control de longitud fija t|
008 - DATOS DE LONGITUD FIJA--INFORMACIÓN GENERAL
campo de control de longitud fija 041115s1976 sp ||||1| lat d
245 00 - MENCIÓN DEL TÍTULO
Título Index seminum quae hortus acclimatationis plantarium arautapae pro mutua commutatione offert /
Mención de responsabilidad, etc. Agrariarum Investigationum Nationale Hispanicum Institutum.
260 ## - PUBLICACIÓN, DISTRIBUCIÓN, ETC.
Lugar de publicación, distribución, etc. Madrid :
Nombre del editor, distribuidor, etc. I.N.I.A.,
Fecha de publicación, distribución, etc. 1976.
300 ## - DESCRIPCIÓN FÍSICA
Extensión 68 p. :
Otras características físicas il. ;
Dimensiones 21 cm.
490 1# - MENCIÓN DE SERIE
Mención de serie Catálogos INIA
650 #4 - PUNTO DE ACCESO ADICIONAL DE MATERIA--TÉRMINO DE MATERIA
Término de materia o nombre geográfico como elemento de entrada Semillas-
Subdivisión de forma Catálogos.
9 (RLIN) 159141
710 2# - ENTRADA AGREGADA--NOMBRE DE ENTIDAD CORPORATIVA
Nombre de entidad corporativa o nombre de jurisdicción como elemento de entrada Instituto Nacional de Investigaciones Agrarias (España)
9 (RLIN) 5168
830 0# - PUNTO DE ACCESO ADICIONAL DE SERIE-TÍTULO UNIFORME
Título uniforme Catálogos INIA
9 (RLIN) 183769
852 ## - LOCALIZACIÓN
Ubicación ES-MaACL
Número de control de estantería A-7596
Sublocalización o colección R.96767
Holdings
Estatus retirado Estado de pérdida Estado de daño No para préstamo Biblioteca de origen Biblioteca actual Ubicación en estantería Fecha de adquisición Fuente de adquisición Total de préstamos Signatura topográfica completa Código de barras Visto por última vez Precio de reemplazo Tipo de ítem Koha
        Biblioteca del Ateneo de Madrid Biblioteca del Ateneo de Madrid Sala Pecera Planta 1 17/01/2008     A-7596 1086831 23/02/2023 23/02/2023 Libro impreso